Maradona - Statistics

Estatísticas Gerais
  • Esse quiz foi jogado 59 vezes
  • A pontuação média é 6 de 8
Estatísticas das Respostas
Anos Clubes % Correto
1984-1991 Napoli
100%
(Seleção)1977-1994 Argentina
96%
1982-1984 Barcelona
94%
1981-1982 Boca Juniors
91%
1995-1997 Boca Juniors
91%
1993-1994 Newell's Old Boys
62%
1976-1981 Argentinos Juniors
53%
1992-1993 Sevilla
40%
Nenhum quiz correspondente encontrado
Distribuição das Pontuações
Porcentagem de Pessoas com Cada Pontuação
Percentil de Números Respondidos
Sua Pontuação Histórica
Você não jogou esse quiz